000 00774cab a2200265 4500
001 ABS54091
008 090401t1995 xxu||||| |||| 00| 0 eng d
035 _a(Sirsi) u8445
041 _aeng
100 _aSeaman, A.
245 _aManaging urban woodland
260 _c1995
350 _a0
490 _aForestry & British Timber
_vNovember 1995, 27-30(4)
520 _aConsiders management issues for the urban forester, from timber production to providing a variety of recreational pursuits. Part 1, `Creating urban woodland` see ABS53857.
650 _aPAINTBALLING
650 _aSILVICULTURE
650 _aTIMBER
650 _aURBAN WOODLANDS
650 _aWOODLANDS
690 _aLAND
690 _aRURAL PRACTICE
942 _n0
948 _c04/03/1997
999 _c5203
_d5203